000 00479nam a2200169Ia 4500
999 _c12402
_d12402
003 OSt
005 20201016111930.0
008 190216s9999||||xx |||||||||||||| ||und||
040 _coclc
082 _a822.4
_bWYC/C
100 _aWycherley, William
_94908
245 4 _aThe Country Wife /
_cWilliam Wycherley
260 _bEdward Arnold Ltd,
_c1965.
_aLondon:
300 _a153p
650 _aEnglish Drama
942 _cBK
_2ddc
_h822.4
_iWYC/C
_k822.4
_mWYC/C